000
00193 a2200097 4500
001
14760
100
_a
Mitchison
245
_a
China
260
_a
_b
Thames and Hudson
_c
090
_c
11540
_d
11540
942
_a
NUST-CAE
_c
M
_c
1715
999
_c
249833
_d
249833